College Quizbowl Stats
College Quizbowl Stats
Circuits
Seasons
Sets
Records
Detailed Stats
About
Loading...
2024 ARGOS @ Columbia
Tossups
Bonuses
Players
Teams
Categories (Tossup)
Categories (Bonus)
Arthur Zhang
Cope is the thing with feathers
Categories
Category
Powers
Gets
Negs
BBs
Points
Earliest Buzz
Avg. Buzz
First Buzzes
Top 3 Buzzes
Literature - European Literature
1
0
0
0
15
28
28.00
1
1
Fine Arts - Auditory Fine Arts
0
2
2
0
10
142
143.00
0
2
Religion
0
1
0
1
10
143
143.00
0
1
Buzzes
Category
Answer
Value
Buzz Position
Literature - European Literature
Paul Celan
15
28
Fine Arts - Auditory Fine Arts
Antonin Dvořák’s Cello Concerto in B minor, op. 104
-5
86
Fine Arts - Auditory Fine Arts
“A Mighty Fortress Is Our God”
-5
90
Fine Arts - Auditory Fine Arts
Carl Philip Emmanuel Bach
10
142
Religion
Laozi
10
143
Fine Arts - Auditory Fine Arts
viola
10
144
Religion
kneeling
0
147
Previous
1
Next